000 00548nam a2200217Ia 4500
003 OSt
005 20220928141649.0
006 a|||||r|||| 00| 0
007 ta
008 220927b |||||||| |||| 00| 0 eng d
024 _a16550
037 _cTextual
040 _aSDCL
_cSDCL
_beng
041 _2eng
_aeng
082 _aWxN18, N5
100 _aMajumdar Margaret A
_9501360
245 0 _aAlthusser and the end of Leninism?
260 _c1995
942 _hWxN18, N5
_cTEXL
_2CC
999 _c818900
_d818900